Jsme jako oni : rozhovor s Martinem M. Šimečkou o liberálech, pokrytcích a fašistech /

Hlavní autor: Šimečka, Martin M. 1957-
Další autoři: Ščeblykin, Kirill, 1993-, Zajíček, Filip, 1992-
Jazyk: Čeština
Vydáno: Praha : Paseka s.r.o., 2019
Vydání: Vydání první
Témata:
Fyzický popis: 235 stran : ilustrace, portréty ; 21 cm
Knihy
Uloženo v:
LEADER 03016nam a2200697 i 4500
001 nkc20193082001
003 CZ PrNK
005 20190528095901.0
007 ta
008 190509s2019 xr ac e 000 0dcze
015 |a cnb003082001 
020 |a 978-80-7432-959-3  |q (vázáno) :  |c Kč 289,00 
035 |a (OCoLC)1104146318 
040 |a ABA001  |b cze  |e rda 
043 |a e-xo---  |a e-xr--- 
045 |a x-y- 
072 7 |a 323  |x Vnitropolitický vývoj, politický život  |2 Konspekt  |9 15 
080 |a 821.162.4-051  |2 MRF 
080 |a 070.4-051  |2 MRF 
080 |a 32:316.644  |2 MRF 
080 |a 323  |2 MRF 
080 |a 328/329  |2 MRF 
080 |a (437.6)  |2 MRF 
080 |a (437.3)  |2 MRF 
080 |a (047.53)  |2 MRF 
100 1 |a Šimečka, Martin M.  |q (Martin Milan),  |d 1957-  |7 jn19990209853  |4 aut 
245 1 0 |a Jsme jako oni :  |b rozhovor s Martinem M. Šimečkou o liberálech, pokrytcích a fašistech /  |c Kirill Ščeblykin, Filip Zajíček 
246 3 0 |a Rozhovor s Martinem M. Šimečkou o liberálech, pokrytcích a fašistech 
250 |a Vydání první 
264 1 |a Praha :  |b Paseka s.r.o.,  |c 2019 
300 |a 235 stran :  |b ilustrace, portréty ;  |c 21 cm 
336 |a text  |b txt  |2 rdacontent 
337 |a bez média  |b n  |2 rdamedia 
338 |a svazek  |b nc  |2 rdacarrier 
504 |a Obsahuje bibliografické odkazy 
600 1 7 |a Šimečka, Martin M.  |q (Martin Milan),  |d 1957-  |7 jn19990209853  |2 czenas 
648 7 |a 20.-21. století  |7 ch462155  |2 czenas 
650 0 7 |a slovenští spisovatelé  |7 ph125683  |y 20.-21. století  |2 czenas 
650 0 7 |a publicisté  |7 ph124829  |z Slovensko  |y 20.-21. století  |2 czenas 
650 0 7 |a politické názory a postoje  |7 ph137956  |2 czenas 
650 0 9 |a Slovak authors  |y 20th-21st centuries  |2 eczenas 
650 0 9 |a publicists  |z Slovakia  |y 20th-21st centuries  |2 eczenas 
650 0 9 |a political views and attitudes  |2 eczenas 
651 7 |a Slovensko  |7 ge128580  |x společnost a politika  |y 20.-21. století  |2 czenas 
651 7 |a Slovensko  |7 ge128580  |x politika a vláda  |y 20.-21. století  |2 czenas 
651 7 |a Česko  |7 ge128065  |x společnost a politika  |y 20.-21. století  |2 czenas 
651 7 |a Česko  |7 ge128065  |x politika a vláda  |y 20.-21. století  |2 czenas 
651 9 |a Slovakia  |x society and politics  |y 20th-21st centuries  |2 eczenas 
651 9 |a Slovakia  |x politics and government  |y 20th-21st centuries  |2 eczenas 
651 9 |a Czechia  |x society and politics  |y 20th-21st centuries  |2 eczenas 
651 9 |a Czechia  |x politics and government  |y 20th-21st centuries  |2 eczenas 
655 7 |a rozhovory  |7 fd133303  |2 czenas 
655 9 |a interviews  |2 eczenas 
700 1 |a Ščeblykin, Kirill,  |d 1993-  |7 xx0234932  |4 aut 
700 1 |a Zajíček, Filip,  |d 1992-  |7 xx0234235  |4 aut 
910 2 |a BOA001  |b 2-1427.373 
990 |a BK 
995 |a 01 
991 |b 201905  |c NOV 
996 6 |b 2610780931  |c 2-1427.373  |l MZK  |r Sklad / do 1 hodiny  |n 2  |p p.v.  |w 001722127  |u 000010  |a 1  |e BOA001  |j MZK50  |s P 
996 7 |b 2610783818  |c 2-1427.373  |l MZK  |r Sklad / do 1 hodiny  |n 14  |p kup  |w 001722127  |u 000020  |a 1  |e BOA001  |j MZK50  |s A